Personnage de Naruto par ordre d'apparition (hardcore) - Statistiques

Statistiques générales
  • Ce quiz a été pris 174 fois
    70 depuis la dernière actualisation
  • Le résultat moyen est 41 sur 103
Statistiques - réponses
Chapitre Réponse Indice % Correct
1 Naruto UZUMAKI Genin
100%
3 Sasuke UCHIHA Genin
97%
3 Sakura HARUNO Genin
93%
3 Kakashi HATAKE Jônin
92%
1 Hiruzen SARUTOBI (3ème Hokage) Kage
89%
1 Iruka UMINO Chûnin
84%
35 Gaara Genin (Suna)
77%
34 Hinata HYŪGA Genin
74%
2 Konohamaru SARUTOBI Enfant
74%
36 Neji HYŪGA Genin
72%
34 Shikamaru NARA Genin
72%
34 Ino YAMANAKA Genin
69%
138 Itachi UCHIHA Akatsuki
69%
36 Rock LEE Genin
67%
239 Minato NAMIKAZE (4ème Hokage) Kage
66%
10 Zabuza MOMOCHI Sept Épéistes
64%
34 Asuma SARUTOBI Jônin
62%
58 Baiu (Ame no kuni) Genin (nomme son village)
62%
34 Chōji AKIMICHI Genin
62%
90 Jiraya Sannin
62%
61 Kagari (Ame no kuni) Genin (nomme son village)
62%
58 Midare (Ame no kuni) Genin (nomme son village)
62%
61 Mubi (Ame no kuni) Genin (nomme son village)
62%
46 Oboro (Ame no kuni) Genin (nomme son village)
62%
45 Orochimaru Sannin
62%
58 Shigure (Ame no kuni) Genin (nomme son village)
62%
15 Haku Mercenaire (Kiri)
61%
34 Kiba INUZUKA Genin
61%
138 Kisame HOSHIGAKI Akatsuki
61%
34 Temari Genin (Suna)
61%
36 Tenten Genin
61%
118 Hashirama SENJU (1er Hokage) Kage
59%
35 Kin TSUCHI Genin (Oto)
59%
34 Shino ABURAME Genin
59%
118 Tobirama SENJU (2ème Hokage) Kage
59%
139 Tsunade SENJU Sannin
59%
34 Kurenai YUHI Jônin
57%
34 Kankurō Genin (Suna)
56%
37 Gai MAITO Jônin
54%
38 Kabuto YAKUSHI Genin
54%
239 Obito UCHIHA Chûnin
46%
157 Dan KATO Jônin
44%
2 Ebisu Tokubetsu Jônin
44%
199 Kimimaro KAGUYA Quartet du Son
41%
1 Mizuki Chûnin
39%
115 Tayuya Quartet du Son
38%
65 Zō (ANBU) Forces Spéciales (nomme leur titre)
38%
239 Rin NOHARA Chûnin
36%
44 Anko MITARASHI Tokubetsu Jônin
34%
65 Baki Jônin (Suna)
34%
40 Ibiki MORINO Tokubetsu Jônin
33%
115 Jirōbō Quartet du Son
33%
115 Sakon/Ukon Quartet du Son
33%
144 Teuchi (Ichiraku Ramen) Commerçant
33%
137 Shikaku NARA (Père de Shikamaru) Père
31%
234 Zetsu Blanc Akatsuki
31%
234 Zetsu Noir Akatsuki
31%
137 Hana INUZUKA (Soeur de Kiba) Soeur
30%
137 Yugao UZUKI (ANBU) Forces Spéciales (nomme leur titre)
30%
10 Gatō Mafia
28%
78 Hanabi HYŪGA (Soeur de Hinata) Soeur
28%
65 Hayate GEKKO Tokubetsu Jônin
28%
57 Anbu (Aigle) Forces Spéciales (nomme leur titre)
26%
121 Anbu (Oiseau) Forces Spéciales (nomme leur titre)
26%
57 Anbu (Sanglier) Forces Spéciales (nomme leur titre)
26%
137 Anbu (Tigre) Forces Spéciales (nomme leur titre)
26%
145 Fugaku Uchiha (Père de Sasuke) Père
26%
34 Genma SHIRANUI Tokubetsu Jônin
26%
115 Kidōmaru Quartet du Son
26%
95 Rasa (4ème Kazekage) Kage
26%
78 Hiashi HYŪGA (Père de Hinata) Père
25%
34 Moegi Enfant
25%
137 Chōza AKIMICHI (Père de Chōji) Père
23%
137 Inoichi YAMANAKA (Père d'Ino) Père
23%
148 Shizune Jônin
23%
35 Dosu KINUTA Genin (Oto)
21%
160 Nawaki (Frère de Tsunade) Frère
21%
102 Hizashi HYŪGA (Père de Neji) Père
20%
34 Udon Enfant
20%
17 Inari Enfant (Nami)
18%
93 Koharu UTATANE Conseiller
16%
145 Mikoto Uchiha (Mère de Sasuke) Mère
16%
9 Tazuna Commerçant (Nami)
16%
35 Zaku ABUMI Genin (Oto)
16%
93 Homura MITOKADO Conseiller
15%
36 Kotetsu HAGANE Chûnin
13%
137 Shibi ABURAME (Père de Shino) Père
11%
36 Izumo KAMIZUKI Chûnin
10%
110 Midori (Kusa no kuni) Chûnin (nomme son village)
8%
93 Raido NAMIASHI Tokubetsu Jônin
8%
110 Shiba (Kusa no kuni) Chûnin (nomme son village)
8%
45 Shiore (Kusa no kuni) Genin (nomme son village)
8%
93 Aoba YAMASHIRO Tokubetsu Jônin
7%
9 Meizu Mercenaire (Kiri) / Frère
7%
45 Misumi TSURUGI Genin
7%
137 Tsume INUZUKA (Mère de Kiba) Mère
7%
45 Yoroï AKADO Genin
7%
9 Gōzu Mercenaire (Kiri) / Frère
5%
9 Madame Shijimi (Épouse du Daimyo du feu) Épouse
5%
182 Yoshino NARA (Mère de Shikamaru) Mère
5%
57 Iwashi TATAMI Chûnin
2%
129 Karura (Mère de Gaara) Mère
2%
40 Tonbo TOBITAKE Chûnin
2%
Aucun quiz correspondant
Distribution des résultats
% des personnes avec chaque résultat
Percentile par nombre de réponses
Votre historique - résultats
Vous n’avez pas pris ce quiz depuis la dernière actualisation